CLINICAL OPHTHALMOLOGY (Record no. 14645)

MARC details
000 -LEADER
fixed length control field 00287nam a22001337a 4500
003 - CONTROL NUMBER IDENTIFIER
control field SGT
082 ## - DEWEY DECIMAL CLASSIFICATION NUMBER
Classification number 617.7
Item number C08K
100 ## - MAIN ENTRY--PERSONAL NAME
Personal name KALEVAR, V.
245 ## - TITLE STATEMENT
Title CLINICAL OPHTHALMOLOGY
260 ## - PUBLICATION, DISTRIBUTION, ETC. (IMPRINT)
Place of publication, distribution, etc INDIA
Name of publisher, distributor, etc ANE BOOKS
Year of Publication 2008
300 ## - PAGE DESCRIPTION
No. of Pages 536
650 ## - SUBJECT ADDED ENTRY--TOPICAL TERM
Topical term or geographic name as entry element OPHTHALMOLOGY
942 ## - ADDED ENTRY ELEMENTS (KOHA)
Source of classification or shelving scheme Dewey Decimal Classification
Koha item type Books
942 ## - ADDED ENTRY ELEMENTS (KOHA)
-- 3
Holdings
Withdrawn status Lost status Source of classification or shelving scheme Damaged status Not for loan Collection code Home library Current library Shelving location Date acquired Vendor Name Cost, normal purchase price SGTU Bill Number Total Checkouts Full call number Accession No. (Barcode) Date last seen Date last borrowed Bill Date Koha item type
    Dewey Decimal Classification     MEDICAL SGT Medical Library SGT Medical Library Text Book 20/01/2018 ABC 395.00 SGTU 8703 2 617.7 C08K FM9511 13/08/2025 12/08/2025 02/09/2017 Books
    Dewey Decimal Classification     MEDICAL SGT Medical Library SGT Medical Library Text Book 20/01/2018 ABC 395.00 SGTU 8703 5 617.7 C08K FM9512 25/05/2026 18/05/2026 02/09/2017 Books
    Dewey Decimal Classification     MEDICAL SGT Medical Library SGT Medical Library Text Book 20/01/2018 ABC 395.00 SGTU 8703 1 617.7 C08K FM9513 09/01/2020 03/01/2020 02/09/2017 Books